000 00796nam a2200265Ia 4500
001 Para_9449
003 CHAP
008 220125s2008 xx 000 0 und d
010 _a208135
040 _cCHAP
082 _a595.42 G6
100 1 _aGómez Cruz, Manuel Ángel
_949661
245 _aAlternativas al manejo de la garrapata Boophilus microplus en el trópico /
_c por Manuel Ángel Gómez Cruz [y otros]
260 _aChapingo, Méx. :
_b Universidad Autónoma Chapingo
300 _a150 p.
650 _aGarrapatas
_x control
_9144059
710 2 _aUniversidad Autónoma Chapingo
_9143749
901 _a595.42 G6
902 _aM
905 _a0000002008 an 0000000000 00
910 _a2008
942 _cPARA
942 _cPARA
_d1
999 _c208135
_d208135